| 000 | 00767nac a22002051u 4500 | ||
|---|---|---|---|
| 008 | 100719s1975 ku||||||r||| 001 0bra d | ||
| 082 |
_b22 _a193 ب د و _222 |
||
| 100 |
_aبدوي،عبد الرحمن _916353 |
||
| 245 |
_aنيتشه/ _cعبد الرحمن بدوي |
||
| 250 | _aط5 | ||
| 260 |
_aالكويت: _bوكالة المطبوعات ،1975 _c1975. |
||
| 300 |
_a290ص ؛ _c24 سم |
||
| 500 | _aيحتوى على كشاف | ||
| 500 | _aيحتوي على صفحة عنوان باللغة الفرنسية | ||
| 511 | _aCatalogued by: Sara | ||
| 541 | _aألف باء؛ | ||
| 600 |
_916418 _aنيتشه ، فريدريك فيلهيلم _d1844-1900 |
||
| 650 |
_aالفلسفة الغربية _915104 |
||
| 942 |
_cBB _k193 ب د و _2ddc |
||
| 999 |
_c6842 _d6842 |
||